Responses for show #8262 - Tuesday, October 20, 2020

Contestants

[<< previous game]

Maddie Kahan, a pediatric neurology resident originally from Agoura Hills, California

Carlos Chaidez, a civil engineer from Burbank, California

Kristin Hucek, an attorney from San Francisco, California (whose 3-day cash winnings total $24,808)

[next game >>]

Jeopardy! Round responses

THE ERA OF GOOD FEELINGS
POP CULTURE
3-SYLLABLE WORDS
MILITARY MATTERS
LITERARY QUOTES
LET IT ROLL!
    $200 12
Monroe

Carlos
    $200 2
Cats

Maddie
    $200 5
horizon

Carlos
    $200 26
the Pentagon

Maddie
    $200 18
Jean Valjean

Maddie
    $200 1
a barrel

Triple Stumper
    $400 13
(Maddie: What is channel?)

canal

KristinMaddie
    $400 3
Vin Diesel

Carlos
    $400 6
conference

Carlos
    $400 27
Pearl Harbor

Maddie
    $400 19
Robinson Crusoe

Carlos
    $400 14
Tootsie Rolls

Kristin
    $600 22
(Kristin: Who are the Whigs?)

the Federalists

KristinCarlos
    $600 4
(Carlos: What is "Hey Jude"?)

(Baby, You Can) "Drive My Car"

Carlos
Triple Stumper
    $600 7
hibernate

Carlos
    $600 28
[The end-of-round signal sounds.]

a pillow fight

Maddie
    $600 20
(Alex: [*] in The Grapes of Wrath.)

Tom Joad

Triple Stumper
    $600 15
(Carlos: Who is Dave Grohl?)

Rick Astley

CarlosMaddie
    $800 23
a Bank of the United States

Triple Stumper
    $800 10
[Laughter]

"Ring Of Fire"

Triple Stumper
    $800 8
average

Kristin
    $2,000 21
(Carlos: Who is Jane Eyre?)
(Alex: No. Who is [*]? Scarlet Letter.)

Hester Prynne

Carlos
    $800 16
(Maddie: What is a platypus?)

a hedgehog

KristinMaddie
    $1000 24
(Maddie: What are the Mexican-American Wars?)
(Kristin: What are the Spanish-American Wars?)
...
(Alex: Less than a minute now.)

the Seminole Wars

KristinMaddie
Triple Stumper
    $1000 11
(Groundskeeper) Willie

Carlos
    $1000 9
conjugate

Maddie
    $1000 25
Fagin

Maddie
    $1000 17
sepulchre

Triple Stumper

Scores at the first commercial break (after clue 15):

Kristin Carlos Maddie
$1,600 $1,600 $1,400

Scores at the end of the Jeopardy! Round:

Kristin Carlos Maddie
$800 $600 $2,000

Double Jeopardy! Round responses

WORLD HERITAGE SITES IN THE U.S.
(Alex: As listed by UNESCO.)
DENNIS, ANYONE?
SCIENCE: MISSED IT BY THAT MUCH
COMEDIANS
PIANISTS, PAINTERS & PLAYWRIGHTS
YOU GOTTA HAVE "ART"
    $400 11
the Alamo

Carlos
    $400 23
Foursquare

Maddie
    $400 1
rings

Maddie
    $400 5
Take my wife

Carlos
    $400 20
Duke Ellington

Carlos
    $400 21
(Alex: Less than a minute now.)

artichokes

Maddie
    $800 10
Independence Hall

Carlos
    $800 24
C

Carlos
    $800 2
the age of the Earth

Triple Stumper
    $800 16
(Pete) Davidson

Carlos
    $7,000 19
Neil Simon

Carlos
    $800 15
articulate

Maddie
    $1200 9
Mesa Verde

Triple Stumper
    $1200 25
(Kristin: Who is... Eno?)

(Dennis) Wilson

KristinMaddie
    $1200 3
3

Maddie
    $1200 22
(Don) Rickles

Carlos
    $1200 17
(Peter Paul) Rubens

Carlos
    $1200 14
(Kristin: What are arteries?)

arterial

KristinMaddie
    $1600 8
Frank Lloyd Wright

Carlos
    $1,000 4
(Maddie: What is...)
(Alex: Hurry.)
(Maddie: Uh... chlorine?)

atomic weight

Maddie
    $1600 26
The Larry Sanders Show

Triple Stumper
    $1600 18
Seurat

Carlos
    $1600 13
artesian

Carlos
    $2000 7
Columbian

Triple Stumper
    $2000 6
(Carlos: Who is Doppler?)
(Maddie: Who is Planck?)

Hubble

CarlosMaddie
Triple Stumper
    $2000 27
(Kristin: Who is... Aristotle?)
...
[The end-of-round signal sounds.]

Aeschylus

KristinCarlos
    $2000 12
artillery

Carlos

Scores at the end of the Double Jeopardy! Round:

Kristin Carlos Maddie
-$3,600 $20,400 $4,600
(lock game)

[wagering suggestions for these scores]

Final Jeopardy! Round responses

CLASSICAL MUSIC
(Alex: We needed the word, "Overture" in there; we're going for the name of the piece.)
MaddieWhat is La Bagatelle?
$4,600
CarlosWhat William Tell
$10,000
"William Tell Overture"

Final scores:

Kristin Carlos Maddie
-$3,600 $10,400 $0
3rd place: $1,000 New champion: $10,400 2nd place: $2,000

Game dynamics:

Coryat scores:

Kristin Carlos Maddie
-$3,600 $16,200 $5,600
4 R,
5 W
22 R
(including 1 DD),
4 W
(including 1 DD)
15 R,
5 W
(including 1 DD)

Combined Coryat: $18,200

The J! Archive is created by fans, for fans. The Jeopardy! game show and all elements thereof, including but not limited to copyright and trademark thereto, are the property of Jeopardy Productions, Inc. and are protected under law. This website is not affiliated with, sponsored by, or operated by Jeopardy Productions, Inc. Join the discussion at JBoard.tv.